<?xml version="1.0" encoding="UTF-8"?>
<marc:record xmlns:marc="http://www.loc.gov/MARC21/slim">
   <marc:leader>00000nam a2200000 a 4500</marc:leader>
   <marc:datafield ind1="1" ind2=" " tag="100">
      <marc:subfield code="a">Rossbacher, Claudia</marc:subfield>
      <marc:subfield code="4">aut</marc:subfield>
      <marc:subfield code="e">Verfasser/-in</marc:subfield>
   </marc:datafield>
   <marc:datafield ind1="0" ind2="0" tag="245">
      <marc:subfield code="a">Steirerrausch</marc:subfield>
   </marc:datafield>
   <marc:datafield ind1="0" ind2="0" tag="245">
      <marc:subfield code="b">Sandra Mohrs neunter Fall</marc:subfield>
   </marc:datafield>
   <marc:datafield ind1="0" ind2="0" tag="245">
      <marc:subfield code="c">Claudia Rossbacher</marc:subfield>
   </marc:datafield>
   <marc:datafield ind1=" " ind2="1" tag="264">
      <marc:subfield code="a">Meßkirch</marc:subfield>
      <marc:subfield code="b">Gmeiner</marc:subfield>
      <marc:subfield code="c">2018</marc:subfield>
   </marc:datafield>
   <marc:datafield ind1="1" ind2=" " tag="520">
      <marc:subfield code="a">Quelle: bn.bibliotheksnachrichten (http://www.biblio.at/literatur/bn/index.html); #Autor: Hertwiga Kröss; #Ein Krimi mit Lokalkolorit. (DR)#Die LKA-Ermittler-Innen Sandra Mohr und Sascha Bergmann werden nachts zu einem Mord ins Sausal gerufen. Die Fahrt dorthin gestaltet sich nervenaufreibend. Im dichten Nebel taucht plötzlich schemenhaft eine junge Frau auf und verschwindet wieder. Sascha hat sie aber merkwürdigerweise nicht gesehen. Und unheimlich gehen die Ermittlungen im Fall des ermordeten Weinbauern weiter, führen sie doch bis in weit vergangene Zeiten zurück, in denen der "Spuk von Trebian", der noch immer in den Köpfen der Alten präsent ist, seinen Ausgang nahm.#Diese historisch belegte Spuklegende spielt im 9. Steirerkrimi der Autorin eine zentrale Rolle. Daneben kommen dem Thema Wein und dem Lokalkolorit um Kitzeck im Sausal große Bedeutung zu. Empfehlenswert.</marc:subfield>
   </marc:datafield>
   <marc:datafield ind1=" " ind2=" " tag="020">
      <marc:subfield code="a">9783839224144</marc:subfield>
      <marc:subfield code="9">9783839224144</marc:subfield>
   </marc:datafield>
   <marc:datafield ind1=" " ind2=" " tag="041">
      <marc:subfield code="a">ger</marc:subfield>
   </marc:datafield>
   <marc:datafield ind1=" " ind2=" " tag="300">
      <marc:subfield code="a">282 S.</marc:subfield>
   </marc:datafield>
</marc:record>
